A Három Folyó Völgye és térségének fejlesztése borászati rendezvényekkel
| Szerző: | |
|---|---|
| További közreműködők: | |
| Dokumentumtípus: | Diplomadolgozat |
| Kulcsszavak: | borászat borturizmus rendezvények stratégia kiépítés térségfejlesztés |
| Online Access: | http://dolgozattar.uni-bge.hu/60190 |
MARC
| LEADER | 00000nta a2200000 i 4500 | ||
|---|---|---|---|
| 001 | dolg60190 | ||
| 005 | 20260409150120.0 | ||
| 008 | 260409suuuu hu om 000 hun d | ||
| 040 | |a BGE Dolgozattár Repozitórium |b hun | ||
| 041 | |a hu | ||
| 100 | 1 | |a Szabóová Vivien | |
| 245 | 1 | 2 | |a A Három Folyó Völgye és térségének fejlesztése borászati rendezvényekkel |c Szabóová Vivien |h [elektronikus dokumentum] |
| 520 | 3 | |a A szakdolgozat középpontjában a rendezvényturizmus és a borturizmus összekapcsolódása áll, különös tekintettel a felvidéki Három Folyó Völgye térségre. A kutatás célja egy olyan stratégiai javaslat kidolgozása, amely a borászati rendezvények turisztikai és gazdasági potenciálját kihasználva hozzájárul a térség fejlődéséhez, miközben figyelembe veszi a fenntarthatósági szempontokat. A dolgozat kvalitatív és kvantitatív módszereket alkalmaz: SWOT- és versenytárs-elemzés mellett kérdőíves felmérés és interjúk révén vizsgálja a helyi borászatok és rendezvények jelenlegi helyzetét. Az eredmények rávilágítanak arra, hogy a bor, mint élményelem, képes a turisztikai vonzerő növelésére, még a nem borfogyasztók körében is. A látogatók számára kiemelten fontosak a közösségi és kulturális élmények, míg a helyi szolgáltatók részéről egy összehangolt stratégia és egységes vizuális arculat hiányzik. A kutatás megerősítette a hipotézist, miszerint megfelelő stratégiával a borászati rendezvények hozzájárulhatnak a térség gazdasági fellendüléséhez és identitásának erősítéséhez. A dolgozat javaslatokat fogalmaz meg a borturizmus fejlesztésére, a helyi együttműködések erősítésére, valamint a fenntartható turizmus megvalósítására, ezzel támogatva a Három Folyó Völgye turisztikai versenyképességének növelését. | |
| 695 | |a borászat | ||
| 695 | |a borturizmus | ||
| 695 | |a rendezvények | ||
| 695 | |a stratégia kiépítés | ||
| 695 | |a térségfejlesztés | ||
| 700 | 1 | |a Róbert Nóra |e ths | |
| 700 | 1 | |a Trencsényi Judit |e ths | |
| 856 | 4 | 0 | |u http://dolgozattar.uni-bge.hu/60190/1/szakdolgozat.pdf |z Dokumentum-elérés |
| 856 | 4 | 0 | |u http://dolgozattar.uni-bge.hu/60190/2/Szab%C3%B3ova%20Vivien_konzulens_R%C3%B3bert%20N%C3%B3ra.pdf |z Dokumentum-elérés |
| 856 | 4 | 0 | |u http://dolgozattar.uni-bge.hu/60190/3/Szab%C3%B3ova%20Vivien_Opponens_Trencs%C3%A9nyi_Judit.pdf |z Dokumentum-elérés |